Central Library OPAC University of Rajshahi

A guide to income-tax law : (Record no. 2920)

MARC details
000 -LEADER
fixed length control field 00734nam a2200205 a 4500
001 - CONTROL NUMBER
control field 2920
003 - CONTROL NUMBER IDENTIFIER
rucl marc code BD-RjUL
005 - DATE AND TIME OF LATEST TRANSACTION
control field 20211208233637.0
008 - FIXED-LENGTH DATA ELEMENTS--GENERAL INFORMATION
fixed length control field 161229s1957 pk a 000 0 eng
035 ## - SYSTEM CONTROL NUMBER
System control number (BD-RjUL)2948
040 ## - CATALOGING SOURCE
Original cataloging agency DLC
Transcribing agency ViU
Modifying agency ViU
-- OCoLC
-- DLC
-- BD-RjUL
Language of cataloging eng
041 ## - LANGUAGE CODE
Language code of text/sound track or separate title eng
082 04 - DEWEY DECIMAL CLASSIFICATION NUMBER
Edition number 23
Classification number 343.052
Author mark and year NAG 1957
100 1# - MAIN ENTRY--PERSONAL NAME
Personal name Naqvi, S. M. Raza.
9 (RLIN) 9345
245 12 - TITLE STATEMENT
Title A guide to income-tax law :
Remainder of title containing exhaustive notes with illustrations on provisions of the income-tax law and the rules as amended upto 30-4-63 and other useful information /
Statement of responsibility, etc. S. M. RAZA NAQVI.
260 ## - PUBLICATION, DISTRIBUTION, ETC. (IMPRINT)
Place of publication, distribution, etc. Lahore :
Name of publisher, distributor, etc. Taxation,
Date of publication, distribution, etc. 1957
300 ## - PHYSICAL DESCRIPTION
Pagination Various pages :
Illustrations ill. ;
Size 24 cm.
650 #0 - SUBJECT ADDED ENTRY--TOPICAL TERM
Topical term or geographic name as entry element Income tax Law
Geographic subdivision Pakistan.
9 (RLIN) 9346
942 ## - ADDED ENTRY ELEMENTS (KOHA)
Source of classification or shelving scheme Dewey Decimal Classification
Koha item type Books
Holdings
Lost status Source of classification or shelving scheme Damaged status Not for loan Collection code Permanent Location Current Location Shelving location Date acquired Source of acquisition Cost, normal purchase price Total Checkouts Full call number Date last seen Copy number Koha item type
  Dewey Decimal Classification   Not For Loan Non-fiction Central Library, University of Rajshahi Central Library, University of Rajshahi Reading Room 07/02/1961 Lohore, mirg abook agency 10.00   343.052 NAG 1957 10/02/2014 C-1 Books